[Event "FICGS rapid A 000271 email"]
[Site "FICGS email"]
[Date "2021.06.22"]
[Round "1"]
[White "Domingo Gadea, Jordi"]
[Black "Brand Lyard, Paul"]
[Result "1-0"]
[WhiteElo "1989"]
[BlackElo "1900"]
[PlyCount "55"]
[EventDate "2021.??.??"]
[EventType "tourn (rapid)"]
[EventRounds "6"]
[SourceTitle "Corr 2022"]
[Source "ChessBase"]
[SourceDate "2021.10.24"]
[SourceVersion "1"]
[SourceVersionDate "2021.10.24"]
[SourceQuality "1"]

1. e4 e5 2. Nf3 Nc6 3. Bc4 Bc5 4. c3 d6 5. d4 Bg4 6. dxc5 dxc5 7. Qxd8+ Rxd8 8. Be3 Bxf3 9. gxf3 h5 10. Nd2 Na5 11. Be2 c6 12. b4 cxb4 13. cxb4 a6 14. bxa5 b5 15. axb6 Rb8 16. Bxa6 Nf6 17. a4 Ke7 18. Bc5+ Ke6 19. Bc4+ Kd7 20. a5 Ra8 21. a6 g5 22. Bxf7 Rhf8 23. Bxf8 Rxf8 24. a7 Rxf7 25. a8Q g4 26. Nc4 gxf3 27. Ra7+ Ke6 28. Qxc6# 1-0

[Event "FICGS rapid A 000271 email"]
[Site "FICGS email"]
[Date "2021.06.22"]
[Round "1"]
[White "Domingo Gadea, Jordi"]
[Black "Wilson, Norman"]
[Result "1/2-1/2"]
[WhiteElo "1989"]
[BlackElo "2069"]
[PlyCount "42"]
[EventDate "2021.??.??"]
[EventType "tourn (rapid)"]
[EventRounds "6"]
[SourceTitle "Corr 2022"]
[Source "ChessBase"]
[SourceDate "2021.10.24"]
[SourceVersion "1"]
[SourceVersionDate "2021.10.24"]
[SourceQuality "1"]

1. e4 e5 2. Nf3 Nc6 3. Bc4 Nf6 4. Ng5 d5 5. exd5 Na5 6. Bb5+ c6 7. dxc6 bxc6 8. Bd3 Nd5 9. Nf3 Bd6 10. 0-0 Nf4 11. Re1 Nxd3 12. cxd3 0-0 13. b3 Bg4 14. Bb2 f6 15. Nc3 c5 16. Ne4 Nc6 17. h3 Bh5 18. Ba3 Nd4 19. g4 f5 20. Nxd4 exd4 21. Nxd6 fxg4 1/2-1/2

[Event "FICGS theme 0002 email"]
[Site "FICGS email"]
[Date "2020.12.28"]
[Round "1"]
[White "Domingo Gadea, Jordi"]
[Black "Tedoldi, Guido"]
[Result "1-0"]
[WhiteElo "1952"]
[BlackElo "1435"]
[PlyCount "67"]
[EventDate "2020.??.??"]
[EventType "swiss (corr)"]
[EventRounds "1"]
[SourceTitle "Corr 2022"]
[Source "ChessBase"]
[SourceDate "2021.10.24"]
[SourceVersion "1"]
[SourceVersionDate "2021.10.24"]
[SourceQuality "1"]

1. e4 e5 2. Bc4 c5 3. Qh5 Qf6 4. Nc3 g6 5. Qe2 Ne7 6. Qf3 Bg7 7. Qxf6 Bxf6 8. Nb5 Na6 9. Nd6+ Kf8 10. d3 Nb4 11. Bb3 h6 12. Be3 Rh7 13. Bxc5 Nbc6 14. Nf3 b6 15. Ba3 Na5 16. h4 Nxb3 17. axb3 a5 18. Rd1 Ba6 19. Nc4 Bxc4 20. dxc4 Rd8 21. h5 g5 22. Rd6 Kg7 23. Rxb6 Nc6 24. Ke2 Rhh8 25. Rd1 Nd4+ 26. Nxd4 exd4 27. Kd3 Rhe8 28. Rb5 Re5 29. Rxe5 Bxe5 30. Bc5 d6 31. Bxd4 Kf6 32. g4 Ke6 33. Ra1 Ra8 34. Ra4 1-0

[Event "FICGS theme 0002 email"]
[Site "FICGS email"]
[Date "2020.12.28"]
[Round "1"]
[White "Domingo Gadea, Jordi"]
[Black "Van Mechelen, Jan"]
[Result "1-0"]
[WhiteElo "1952"]
[BlackElo "1715"]
[PlyCount "25"]
[EventDate "2020.??.??"]
[EventType "swiss (corr)"]
[EventRounds "1"]
[SourceTitle "Corr 2022"]
[Source "ChessBase"]
[SourceDate "2021.10.24"]
[SourceVersion "1"]
[SourceVersionDate "2021.10.24"]
[SourceQuality "1"]

1. e4 e5 2. Bc4 Nf6 3. Nf3 c6 4. Nxe5 d5 5. exd5 Bd6 6. d4 Nxd5 7. 0-0 0-0 8. Qf3 Be6 9. Nc3 Nd7 10. Bxd5 cxd5 11. Bf4 Nxe5 12. dxe5 Bc5 13. Rad1 1-0

[Event "FICGS theme 0002 email"]
[Site "FICGS email"]
[Date "2020.12.28"]
[Round "1"]
[White "Foster, Duncan"]
[Black "Domingo Gadea, Jordi"]
[Result "0-1"]
[WhiteElo "1916"]
[BlackElo "1952"]
[PlyCount "102"]
[EventDate "2020.??.??"]
[EventType "swiss (corr)"]
[EventRounds "1"]
[SourceTitle "Corr 2022"]
[Source "ChessBase"]
[SourceDate "2021.10.24"]
[SourceVersion "1"]
[SourceVersionDate "2021.10.24"]
[SourceQuality "1"]

1. e4 e5 2. Bc4 f5 3. d3 Nc6 4. a3 Nf6 5. Nc3 fxe4 6. dxe4 Bc5 7. Nf3 d6 8. 0-0 Bg4 9. h3 Bh5 10. Qd3 Qd7 11. Ng5 Nd4 12. Be3 h6 13. Bxd4 exd4 14. e5 dxe5 15. Nce4 Nxe4 16. Nxe4 Bd6 17. Nxd6+ Qxd6 18. Qe4 Bf7 19. Bxf7+ Kxf7 20. f4 Rhe8 21. fxe5+ Kg8 22. Rae1 Qb6 23. Qd5+ Re6 24. Kh1 c5 25. b4 Qc6 26. Qxc6 Rxc6 27. bxc5 Rxc5 28. Rf4 Rc4 29. e6 Re8 30. e7 g5 31. Rf6 Kg7 32. Rfe6 Rxc2 33. Rd6 Rc7 34. Rxd4 Rcxe7 35. Rxe7+ Rxe7 36. Kh2 Kf6 37. a4 b6 38. Kg3 Kf5 39. Kf3 Ke5 40. Rd2 Re6 41. Rd7 a5 42. g3 Rc6 43. Rb7 Kd5 44. Re7 Rc4 45. Rh7 Rxa4 46. Rxh6 b5 47. Rh5 b4 48. Rxg5+ Kc4 49. Rg4+ Kc3 50. Re4 Ra3 51. Kg4 b3 0-1

[Event "FICGS class C 000333 email"]
[Site "FICGS email"]
[Date "2020.11.07"]
[Round "1"]
[White "Dyson, John"]
[Black "Domingo Gadea, Jordi"]
[Result "1-0"]
[WhiteElo "2110"]
[BlackElo "1952"]
[PlyCount "53"]
[EventDate "2020.??.??"]
[EventType "tourn (corr)"]
[EventRounds "1"]
[SourceTitle "Corr 2022"]
[Source "ChessBase"]
[SourceDate "2021.10.24"]
[SourceVersion "1"]
[SourceVersionDate "2021.10.24"]
[SourceQuality "1"]

1. Nf3 h6 2. e4 c5 3. d4 cxd4 4. Nxd4 a6 5. c4 Nf6 6. Nc3 d6 7. Be2 e5 8. Nc2 Be6 9. 0-0 Nbd7 10. b3 Be7 11. Be3 0-0 12. f3 Rc8 13. a4 Re8 14. Bf2 Bf8 15. a5 Nh5 16. g3 g6 17. Ne3 Qg5 18. Ned5 Bg7 19. Be3 Nf4 20. Bd3 Nc5 21. Bc2 Nh3+ 22. Kg2 Qh5 23. Bd2 Ng5 24. h4 Nh7 25. Rh1 f5 26. Ra3 Nd7 27. Bd3 1-0

[Event "FICGS rapid A 000260 email"]
[Site "FICGS email"]
[Date "2020.09.03"]
[Round "1"]
[White "Domingo Gadea, Jordi"]
[Black "Kuliy, Oleksandr"]
[Result "1/2-1/2"]
[WhiteElo "1907"]
[BlackElo "2025"]
[PlyCount "55"]
[EventDate "2020.??.??"]
[EventType "tourn (rapid)"]
[EventRounds "6"]
[SourceTitle "Corr 2022"]
[Source "ChessBase"]
[SourceDate "2021.10.24"]
[SourceVersion "1"]
[SourceVersionDate "2021.10.24"]
[SourceQuality "1"]

1. e4 e5 2. Nf3 Nc6 3. Bc4 Nf6 4. Ng5 d5 5. exd5 Na5 6. Bb5+ c6 7. dxc6 bxc6 8. Be2 h6 9. Nf3 e4 10. Ne5 Bd6 11. d4 exd3 12. Nxd3 0-0 13. Bf4 Bxf4 14. Nxf4 Qc7 15. Nd3 c5 16. 0-0 Rb8 17. b3 c4 18. bxc4 Nxc4 19. Nd2 Bf5 20. Nxc4 Qxc4 21. Re1 Rfc8 22. Ne5 Qxc2 23. Ba6 Rc5 24. a4 Re8 25. Qxc2 Rxc2 26. Bb5 Rec8 27. h3 R2c5 28. Rad1 1/2-1/2

[Event "FICGS rapid A 000260 email"]
[Site "FICGS email"]
[Date "2020.09.03"]
[Round "1"]
[White "Ploscaru, Stelian"]
[Black "Domingo Gadea, Jordi"]
[Result "1-0"]
[WhiteElo "2000"]
[BlackElo "1907"]
[PlyCount "51"]
[EventDate "2020.??.??"]
[EventType "tourn (rapid)"]
[EventRounds "6"]
[SourceTitle "Corr 2022"]
[Source "ChessBase"]
[SourceDate "2021.10.24"]
[SourceVersion "1"]
[SourceVersionDate "2021.10.24"]
[SourceQuality "1"]

1. e4 e5 2. Nf3 d6 3. d4 exd4 4. Nxd4 Nf6 5. Nc3 Be7 6. Bf4 0-0 7. Qd2 c6 8. 0-0-0 b5 9. f3 b4 10. Na4 Bd7 11. g4 c5 12. Nf5 Bxa4 13. Nxe7+ Qxe7 14. Bxd6 Qb7 15. Bxf8 Kxf8 16. e5 Ne8 17. e6 fxe6 18. Bc4 Qe7 19. Rhe1 Nc7 20. Qf4+ Kg8 21. b3 Be8 22. Rd6 Bf7 23. Qd2 g6 24. f4 Kg7 25. f5 h6 26. Kb1 1-0

[Event "FICGS class C 000325 email"]
[Site "FICGS email"]
[Date "2020.05.31"]
[Round "1"]
[White "Domingo Gadea, Jordi"]
[Black "Bovary, Charles"]
[Result "1/2-1/2"]
[WhiteElo "1944"]
[BlackElo "1963"]
[PlyCount "97"]
[EventDate "2020.??.??"]
[EventType "tourn (corr)"]
[EventRounds "1"]
[SourceTitle "Corr 2022"]
[Source "ChessBase"]
[SourceDate "2021.10.24"]
[SourceVersion "1"]
[SourceVersionDate "2021.10.24"]
[SourceQuality "1"]

1. g4 d5 2. Bg2 Bxg4 3. c4 d4 4. Bxb7 Nd7 5. Bxa8 Qxa8 6. f3 e5 7. d3 Be6 8. Qa4 Ne7 9. Nd2 Nc6 10. Ne4 f5 11. Ng5 Bg8 12. a3 h6 13. N5h3 Bd6 14. b4 Be7 15. Nf2 Be6 16. Ngh3 g5 17. Rf1 a5 18. b5 Nd8 19. Bd2 Nb7 20. Qc2 a4 21. Ng1 Nbc5 22. Bb4 Nb3 23. Rb1 Ndc5 24. Kd1 c6 25. bxc6 Qxc6 26. h3 h5 27. Re1 Kf7 28. Qb2 e4 29. fxe4 fxe4 30. Bxc5 Nxc5 31. Rf1 Kg6 32. Nxe4 Nxe4 33. dxe4 g4 34. Qb7 Qxb7 35. Rxb7 Rf8 36. Rxf8 Bxf8 37. Rb6 Kf7 38. Rb5 Bxa3 39. Rxh5 gxh3 40. Nxh3 d3 41. Nf2 dxe2+ 42. Kxe2 Bxc4+ 43. Ke3 Bb2 44. Nd1 Bc1+ 45. Kd4 Bb3 46. Rb5 Bxd1 47. Rb1 Ba3 48. Rxd1 Bb2+ 49. Kc4 1/2-1/2

[Event "FICGS class C 000325 email"]
[Site "FICGS email"]
[Date "2020.05.31"]
[Round "1"]
[White "Domingo Gadea, Jordi"]
[Black "Faust, Dieter"]
[Result "1-0"]
[WhiteElo "1944"]
[BlackElo "1949"]
[PlyCount "55"]
[EventDate "2020.??.??"]
[EventType "tourn (corr)"]
[EventRounds "1"]
[SourceTitle "Corr 2022"]
[Source "ChessBase"]
[SourceDate "2021.10.24"]
[SourceVersion "1"]
[SourceVersionDate "2021.10.24"]
[SourceQuality "1"]

1. e4 a6 2. d4 b5 3. Nf3 e6 4. Bd3 Bb7 5. 0-0 c5 6. c3 c4 7. Bc2 d5 8. exd5 Bxd5 9. Ne5 Nd7 10. f4 Be7 11. Nd2 Nh6 12. Qh5 Nf6 13. Qh3 0-0 14. Re1 Re8 15. Ndf3 Rf8 16. Ng5 Bd6 17. Bd2 Rb8 18. Re2 Qc7 19. Rf1 b4 20. g4 a5 21. Ngf3 Nd7 22. Nxd7 Qxd7 23. f5 exf5 24. g5 f6 25. gxh6 g6 26. Nh4 bxc3 27. bxc3 Rbe8 28. Rg2 1-0

[Event "FICGS class C 000325 email"]
[Site "FICGS email"]
[Date "2020.05.31"]
[Round "1"]
[White "Ward, David"]
[Black "Domingo Gadea, Jordi"]
[Result "0-1"]
[WhiteElo "2060"]
[BlackElo "1944"]
[PlyCount "82"]
[EventDate "2020.??.??"]
[EventType "tourn (corr)"]
[EventRounds "1"]
[SourceTitle "Corr 2022"]
[Source "ChessBase"]
[SourceDate "2021.10.24"]
[SourceVersion "1"]
[SourceVersionDate "2021.10.24"]
[SourceQuality "1"]

1. e4 h6 2. d4 c5 3. d5 d6 4. Nc3 g5 5. Be2 Nf6 6. Nf3 Nbd7 7. Be3 g4 8. Nh4 Ne5 9. f4 gxf3 10. Nxf3 Nxf3+ 11. gxf3 Qa5 12. Bb5+ Bd7 13. Bxd7+ Nxd7 14. Rg1 0-0-0 15. Qe2 Rh7 16. 0-0-0 Bg7 17. Bd2 Bd4 18. Rg3 Kb8 19. Kb1 a6 20. Qe1 Bf6 21. Qg1 Rhh8 22. Ne2 Qb5 23. Nc3 Qa5 24. Qg2 h5 25. Ne2 Qc7 26. f4 h4 27. Rb3 Rhg8 28. Qf2 c4 29. Ra3 Nc5 30. Qf3 Qd7 31. Bc3 Bxc3 32. Rxc3 Qg4 33. Qxg4 Rxg4 34. Rxc4 Rg2 35. Nc3 Rxh2 36. e5 h3 37. f5 Rh8 38. f6 exf6 39. exd6 Rg2 40. Rcd4 h2 41. Rh1 Ne4 0-1

[Event "FICGS rapid B 000342 email"]
[Site "FICGS email"]
[Date "2020.05.13"]
[Round "1"]
[White "Bovary, Charles"]
[Black "Domingo Gadea, Jordi"]
[Result "1/2-1/2"]
[WhiteElo "1963"]
[BlackElo "1944"]
[PlyCount "77"]
[EventDate "2020.??.??"]
[EventType "tourn (rapid)"]
[EventRounds "6"]
[SourceTitle "Corr 2022"]
[Source "ChessBase"]
[SourceDate "2021.10.24"]
[SourceVersion "1"]
[SourceVersionDate "2021.10.24"]
[SourceQuality "1"]

1. e4 c5 2. Nf3 h6 3. b4 cxb4 4. a3 bxa3 5. Nxa3 e6 6. Nb5 a6 7. d4 d6 8. Bd3 Bd7 9. c4 Nc6 10. Nc3 g5 11. d5 Bg7 12. Bb2 Ne5 13. 0-0 Ne7 14. Rb1 N7g6 15. Nxe5 Bxe5 16. dxe6 Bxe6 17. Nd5 b5 18. cxb5 axb5 19. Bxb5+ Kf8 20. Bc1 Kg7 21. g3 Bxd5 22. Qxd5 Qf6 23. Be3 Qf3 24. Rfe1 Rab8 25. Rb4 Rhc8 26. Be2 Nh4 27. Bxf3 Nxf3+ 28. Kh1 Rxb4 29. Rf1 Rc3 30. Qd1 g4 31. Bd2 Nxd2 32. Qxd2 Rxe4 33. h3 gxh3 34. Kh2 Rb4 35. Kxh3 Kg6 36. Qd5 h5 37. Re1 Rb2 38. f4 Bf6 39. Rg1 1/2-1/2

[Event "FICGS class C 000324 email"]
[Site "FICGS email"]
[Date "2020.05.12"]
[Round "1"]
[White "Domingo Gadea, Jordi"]
[Black "Kuliy, Oleksandr"]
[Result "1/2-1/2"]
[WhiteElo "1944"]
[BlackElo "2003"]
[PlyCount "70"]
[EventDate "2020.??.??"]
[EventType "tourn (corr)"]
[EventRounds "1"]
[SourceTitle "Corr 2022"]
[Source "ChessBase"]
[SourceDate "2021.10.24"]
[SourceVersion "1"]
[SourceVersionDate "2021.10.24"]
[SourceQuality "1"]

1. e4 e6 2. d4 d5 3. Nc3 Nf6 4. e5 Nfd7 5. f4 c5 6. Nf3 Nc6 7. Be3 a6 8. Qd2 b5 9. dxc5 Bxc5 10. Bd3 Qb6 11. Bf2 Bb7 12. 0-0 Bxf2+ 13. Qxf2 Qxf2+ 14. Kxf2 Ke7 15. Ne2 f6 16. exf6+ gxf6 17. Rfe1 Nc5 18. Ned4 Kd6 19. Rad1 Nxd4 20. Nxd4 Rae8 21. c3 Bc8 22. Bc2 e5 23. Nf3 Bg4 24. Rd2 Kc6 25. fxe5 Bxf3 26. gxf3 fxe5 27. Red1 e4 28. Rxd5 e3+ 29. Ke2 Rhg8 30. Be4 Nxe4 31. fxe4 Rxe4 32. Rd6+ Kb7 33. Rd7+ Kc8 34. Rxh7 Re6 35. Rdd7 Rg2+ 1/2-1/2

[Event "FICGS class C 000281 email"]
[Site "FICGS email"]
[Date "2020.05.09"]
[Round "1"]
[White "Hallqvist, Niklas"]
[Black "Domingo Gadea, Jordi"]
[Result "1-0"]
[WhiteElo "1992"]
[BlackElo "1944"]
[PlyCount "59"]
[EventDate "2020.??.??"]
[EventType "tourn (corr)"]
[EventRounds "4"]
[SourceTitle "Corr 2022"]
[Source "ChessBase"]
[SourceDate "2021.10.24"]
[SourceVersion "1"]
[SourceVersionDate "2021.10.24"]
[SourceQuality "1"]

1. c4 g5 2. g3 Bg7 3. Bg2 c5 4. h4 g4 5. e3 d6 6. Ne2 Nc6 7. 0-0 Nf6 8. Nbc3 Bd7 9. d4 b6 10. b3 0-0 11. Bb2 Rc8 12. Qd2 Nh5 13. Nd5 Bf5 14. Rad1 h6 15. Rfe1 e5 16. Qc1 Re8 17. Rd2 Nf6 18. dxc5 bxc5 19. Nec3 Nxd5 20. Nxd5 Re6 21. e4 Bg6 22. Qd1 Bh5 23. f3 gxf3 24. Bxf3 Bxf3 25. Qxf3 Nd4 26. Qh5 Rg6 27. Rf2 Qd7 28. Kh2 Rf8 29. Ref1 Qb7 30. Bc1 1-0

[Event "FICGS class C 000280 email"]
[Site "FICGS email"]
[Date "2020.05.01"]
[Round "1"]
[White "Pech, Jaroslav Sr"]
[Black "Domingo Gadea, Jordi"]
[Result "1-0"]
[WhiteElo "1934"]
[BlackElo "1944"]
[PlyCount "67"]
[EventDate "2020.??.??"]
[EventType "tourn (corr)"]
[EventRounds "4"]
[SourceTitle "Corr 2022"]
[Source "ChessBase"]
[SourceDate "2021.10.24"]
[SourceVersion "1"]
[SourceVersionDate "2021.10.24"]
[SourceQuality "1"]

1. d4 h6 2. e4 c5 3. d5 d6 4. c4 g5 5. Nc3 Bg7 6. Bd2 Nf6 7. Be2 a6 8. f4 gxf4 9. Bxf4 Nbd7 10. Nf3 Ng4 11. Nh4 h5 12. h3 Be5 13. Qd2 Ngf6 14. Nf3 Rg8 15. 0-0 Bxf4 16. Qxf4 Qb6 17. Rab1 Nf8 18. Kh1 Ng6 19. Qe3 Bd7 20. b4 Rc8 21. e5 dxe5 22. Ng5 Rg7 23. Rbd1 Qxb4 24. d6 Bc6 25. Nge4 Nxe4 26. Nxe4 Kf8 27. Bxh5 Nf4 28. dxe7+ Kxe7 29. Nd6 Bxg2+ 30. Kh2 Bxf1 31. Nxc8+ Kf6 32. Rd6+ Ne6 33. Qh6+ Kf5 34. Rb6 1-0

[Event "FICGS class C 000322 email"]
[Site "FICGS email"]
[Date "2020.04.23"]
[Round "1"]
[White "Domingo Gadea, Jordi"]
[Black "Faust, Dieter"]
[Result "1/2-1/2"]
[WhiteElo "1944"]
[BlackElo "1996"]
[PlyCount "69"]
[EventDate "2020.??.??"]
[EventType "tourn (corr)"]
[EventRounds "1"]
[SourceTitle "Corr 2022"]
[Source "ChessBase"]
[SourceDate "2021.10.24"]
[SourceVersion "1"]
[SourceVersionDate "2021.10.24"]
[SourceQuality "1"]

1. b4 a5 2. b5 b6 3. Nf3 d6 4. g3 Bb7 5. Bg2 g6 6. Bb2 e5 7. d4 e4 8. Nfd2 f5 9. f3 d5 10. c4 Nf6 11. Nc3 Bb4 12. a3 Bxc3 13. Bxc3 0-0 14. fxe4 Ng4 15. Bh3 Ne3 16. Qc1 fxe4 17. Nxe4 Nxc4 18. Qh6 Qe7 19. Ng5 Nd7 20. Be6+ Kh8 21. Nxh7 Qxh7 22. Qxh7+ Kxh7 23. Bxd7 Rf7 24. Bh3 Re8 25. Rf1 Rfe7 26. Rf2 Bc8 27. Bxc8 Rxc8 28. Bd2 a4 29. Ra2 Kg7 30. Rf3 Rce8 31. Bf4 Ra8 32. Ra1 Rae8 33. Ra2 Ra8 34. Ra1 Rae8 35. Ra2 1/2-1/2

[Event "FICGS class C 000322 email"]
[Site "FICGS email"]
[Date "2020.04.23"]
[Round "1"]
[White "Duttagupta, Aniruddha"]
[Black "Domingo Gadea, Jordi"]
[Result "1-0"]
[WhiteElo "2072"]
[BlackElo "1944"]
[PlyCount "61"]
[EventDate "2020.??.??"]
[EventType "tourn (corr)"]
[EventRounds "1"]
[SourceTitle "Corr 2022"]
[Source "ChessBase"]
[SourceDate "2021.10.24"]
[SourceVersion "1"]
[SourceVersionDate "2021.10.24"]
[SourceQuality "1"]

1. c4 g5 2. d4 h6 3. Nc3 Bg7 4. e4 c5 5. dxc5 Bxc3+ 6. bxc3 Qa5 7. h4 g4 8. Ne2 Nf6 9. Be3 Nc6 10. Qc2 b6 11. cxb6 axb6 12. a4 Ne5 13. Ng3 d6 14. Be2 Be6 15. 0-0 Bxc4 16. Bxc4 Nxc4 17. Bd4 e5 18. Qe2 Rc8 19. Be3 Qa8 20. Bc1 Qc6 21. f4 Qc5+ 22. Kh1 0-0 23. fxe5 Qxe5 24. Bf4 Qe6 25. Bxh6 Rfe8 26. Rf5 Rc5 27. Raf1 Rxf5 28. Rxf5 Ne5 29. Bg5 Nfd7 30. Qd2 Nc5 31. Bd8 1-0

[Event "FICGS rapid A 000252 email"]
[Site "FICGS email"]
[Date "2020.04.22"]
[Round "1"]
[White "Domingo Gadea, Jordi"]
[Black "Perevozchikov, Vjacheslav"]
[Result "1/2-1/2"]
[WhiteElo "1944"]
[BlackElo "2184"]
[PlyCount "44"]
[EventDate "2020.??.??"]
[EventType "tourn (rapid)"]
[EventRounds "6"]
[SourceTitle "Corr 2022"]
[Source "ChessBase"]
[SourceDate "2021.10.24"]
[SourceVersion "1"]
[SourceVersionDate "2021.10.24"]
[SourceQuality "1"]

1. e4 c6 2. d4 d5 3. e5 c5 4. c4 cxd4 5. Nf3 Bg4 6. cxd5 Qxd5 7. Nc3 Bxf3 8. Nxd5 Bxd1 9. Nc7+ Kd7 10. Nxa8 Bc2 11. Bd2 Nc6 12. Rc1 d3 13. h4 e6 14. Rh3 Nge7 15. Bxd3 Bxd3 16. Rxd3+ Nd5 17. b4 b5 18. a4 bxa4 19. f4 Bxb4 20. Bxb4 Ncxb4 21. Rc7+ Kd8 22. Rd1 a3 1/2-1/2

[Event "FICGS rapid A 000245 email"]
[Site "FICGS email"]
[Date "2019.08.30"]
[Round "1"]
[White "Cesbron, Guy"]
[Black "Domingo Gadea, Jordi"]
[Result "1-0"]
[WhiteElo "2083"]
[BlackElo "1959"]
[PlyCount "23"]
[EventDate "2019.??.??"]
[EventType "tourn (rapid)"]
[EventRounds "6"]
[SourceTitle "Corr 2022"]
[Source "ChessBase"]
[SourceDate "2021.10.24"]
[SourceVersion "1"]
[SourceVersionDate "2021.10.24"]
[SourceQuality "1"]

1. e4 e5 2. Nf3 d5 3. exd5 Qxd5 4. Nc3 Qe6 5. Bb5+ c6 6. Ba4 Qg6 7. Qe2 Be7 8. Bb3 Nh6 9. d3 f6 10. d4 exd4 11. Bxh6 dxc3 12. Bf4 1-0

[Event "FICGS rapid A 000245 email"]
[Site "FICGS email"]
[Date "2019.08.30"]
[Round "1"]
[White "Salonen, Jukka"]
[Black "Domingo Gadea, Jordi"]
[Result "1-0"]
[WhiteElo "1953"]
[BlackElo "1959"]
[PlyCount "91"]
[EventDate "2019.??.??"]
[EventType "tourn (rapid)"]
[EventRounds "6"]
[SourceTitle "Corr 2022"]
[Source "ChessBase"]
[SourceDate "2021.10.24"]
[SourceVersion "1"]
[SourceVersionDate "2021.10.24"]
[SourceQuality "1"]

1. d4 h6 2. e4 c5 3. Nf3 cxd4 4. Nxd4 a6 5. Nc3 e5 6. Be2 exd4 7. Qxd4 Nc6 8. Qd3 Nf6 9. Bf4 d5 10. exd5 Nb4 11. Qe3+ Be6 12. 0-0-0 Nbxd5 13. Nxd5 Nxd5 14. Qe5 Qe7 15. Rhe1 Rd8 16. Bh5 Nxf4 17. Rxd8+ Qxd8 18. Qxf4 Be7 19. Rxe6 0-0 20. Rxe7 Qxe7 21. Qe3 Qxe3+ 22. fxe3 Rd8 23. Be2 Kf8 24. c4 Ke7 25. Kc2 Kd6 26. Kc3 b6 27. a3 Ke5 28. Bf3 Rd7 29. b4 f5 30. g3 g5 31. Kc2 a5 32. Bc6 Re7 33. b5 f4 34. gxf4+ gxf4 35. c5 fxe3 36. cxb6 Kd6 37. Kd1 e2+ 38. Ke1 Re3 39. b7 Kc7 40. a4 Kb8 41. h4 Rh3 42. h5 Rxh5 43. Kxe2 Rh4 44. b6 h5 45. Kf2 Rc4 46. Bb5 1-0

[Event "FICGS rapid A 000244 email"]
[Site "FICGS email"]
[Date "2019.07.31"]
[Round "1"]
[White "Salonen, Jukka"]
[Black "Domingo Gadea, Jordi"]
[Result "0-1"]
[WhiteElo "1953"]
[BlackElo "1959"]
[PlyCount "32"]
[EventDate "2019.??.??"]
[EventType "tourn (rapid)"]
[EventRounds "6"]
[SourceTitle "Corr 2022"]
[Source "ChessBase"]
[SourceDate "2021.10.24"]
[SourceVersion "1"]
[SourceVersionDate "2021.10.24"]
[SourceQuality "1"]

1. e4 e5 2. Nf3 d6 3. d4 exd4 4. Nxd4 Nf6 5. Nc3 Be7 6. Be2 0-0 7. 0-0 Re8 8. f4 Bf8 9. Bf3 c5 10. Nde2 Nc6 11. h3 Bd7 12. b3 Rb8 13. a3 b5 14. Qd3 b4 15. axb4 Nxb4 16. Rxa7 Nxd3 0-1

[Event "FICGS rapid A 000243 email"]
[Site "FICGS email"]
[Date "2019.07.14"]
[Round "1"]
[White "Domingo Gadea, Jordi"]
[Black "Maron, Paul"]
[Result "0-1"]
[WhiteElo "1959"]
[BlackElo "1935"]
[PlyCount "76"]
[EventDate "2019.??.??"]
[EventType "tourn (rapid)"]
[EventRounds "6"]
[SourceTitle "Corr 2022"]
[Source "ChessBase"]
[SourceDate "2021.10.24"]
[SourceVersion "1"]
[SourceVersionDate "2021.10.24"]
[SourceQuality "1"]

1. e4 e6 2. d4 d5 3. Nc3 Nf6 4. Bg5 dxe4 5. Nxe4 Nbd7 6. Nf3 h6 7. Bxf6 Nxf6 8. Bd3 Nxe4 9. Bxe4 c5 10. Qe2 cxd4 11. 0-0-0 Qb6 12. Rxd4 Be7 13. c3 Bf6 14. Rb4 Qc5 15. Rd1 0-0 16. Bc2 g6 17. Rc4 Qb5 18. h4 h5 19. Kb1 e5 20. Rd6 Be7 21. a4 Qe8 22. Rd2 Bf6 23. Rc7 Bd8 24. Rc5 Bf6 25. Qe3 Qe7 26. Ng5 Re8 27. Bb3 Bf5+ 28. Ka1 Rf8 29. Rcd5 a6 30. Rd6 b5 31. Bd5 Rac8 32. Rxa6 bxa4 33. Rxa4 Kg7 34. g3 Rfd8 35. Ne4 Bxe4 36. Qxe4 Qc5 37. Kb1 Rb8 38. Rc4 Qd6 0-1

[Event "FICGS rapid A 000243 email"]
[Site "FICGS email"]
[Date "2019.07.14"]
[Round "1"]
[White "Domingo Gadea, Jordi"]
[Black "Plesa, Karlo"]
[Result "1-0"]
[WhiteElo "1959"]
[BlackElo "1900"]
[PlyCount "21"]
[EventDate "2019.??.??"]
[EventType "tourn (rapid)"]
[EventRounds "6"]
[SourceTitle "Corr 2022"]
[Source "ChessBase"]
[SourceDate "2021.10.24"]
[SourceVersion "1"]
[SourceVersionDate "2021.10.24"]
[SourceQuality "1"]

1. e4 c5 2. Nf3 d6 3. c3 Nf6 4. Be2 Nc6 5. d4 cxd4 6. cxd4 Nxe4 7. d5 Qa5+ 8. Nc3 Nxc3 9. bxc3 Nb8 10. 0-0 Nd7 11. Rb1 1-0